[Event "Titled Tuesday intern op 25th Jun Late"]
[Site "Chess.com INT"]
[Date "2024.06.25"]
[Round "2"]
[White "Gorkavij, Vadim"]
[Black "Nasuta, Grzegorz"]
[Result "0-1"]
[WhiteElo "2333"]
[BlackElo "2541"]
[PlyCount "132"]
[EventDate "2024.06.25"]
[EventType "swiss (blitz)"]
[EventRounds "11"]
[EventCountry "USA"]
[SourceTitle "EXT 2025"]
[Source "ChessBase"]
[SourceDate "2024.10.14"]
[SourceVersion "1"]
[SourceVersionDate "2024.10.14"]
[SourceQuality "1"]

1. Nf3 d5 2. g3 Nf6 3. Bg2 Bg4 4. c4 e6 5. Qb3 b6 6. Ne5 Bh5 7. Nc3 Bd6 8. d4 c6 9. cxd5 cxd5 10. Qa4+ Nfd7 11. Bf4 Bxe5 12. Bxe5 0-0 13. Bd6 Re8 14. Nb5 Nf6 15. Rc1 Qd7 16. Rc7 Qd8 17. Rxa7 Nc6 18. Rxa8 Qxa8 19. Qxa8 Rxa8 20. a3 Ra5 21. Nc3 Nxd4 22. f3 Bg6 23. Kf2 Nb3 24. Rd1 h6 25. e4 dxe4 26. fxe4 Kh7 27. Bb4 Ra7 28. e5 Ng4+ 29. Ke1 Nxe5 30. Rd8 Nd3+ 31. Ke2 Nxb4 32. axb4 Ra1 33. Ne4 Rb1 34. Nd6 Rxb2+ 35. Kf1 Nd2+ 36. Kg1 Rxb4 37. Rb8 Rb2 38. Bc6 h5 39. Ne8 f6 40. Rb7 Bxe8 41. Bxe8 Nf3+ 42. Kf1 Nxh2+ 43. Ke1 Nf3+ 44. Kd1 Kh6 45. Bc6 Nd4 46. Be4 f5 47. Bd3 g5 48. Rb8 g4 49. Rh8+ Kg6 50. Rg8+ Kf7 51. Rh8 Kg6 52. Rg8+ Kf6 53. Rf8+ Kg7 54. Rd8 Nf3 55. Rd7+ Kf6 56. Be2 Ne5 57. Rh7 Kg6 58. Re7 Kf6 59. Rh7 Rb3 60. Rxh5 Rxg3 61. Rh6+ Ng6 62. Bb5 Kg5 63. Rh7 Nf4 64. Rg7+ Kf6 65. Rb7 Rb3 66. Rxb6 g3 0-1

[Event "Titled Tuesday intern op 18th Jun Late"]
[Site "Chess.com INT"]
[Date "2024.06.18"]
[Round "10"]
[White "Gorkavij, Vadim"]
[Black "Dilmukhametov, Artur"]
[Result "0-1"]
[WhiteElo "2333"]
[BlackElo "2276"]
[PlyCount "64"]
[EventDate "2024.06.18"]
[EventType "swiss (blitz)"]
[EventRounds "11"]
[EventCountry "USA"]
[SourceTitle "EXT 2025"]
[Source "ChessBase"]
[SourceDate "2024.10.14"]
[SourceVersion "1"]
[SourceVersionDate "2024.10.14"]
[SourceQuality "1"]

1. Nf3 c5 2. g3 Nf6 3. Bg2 d5 4. 0-0 e6 5. c4 Be7 6. cxd5 Nxd5 7. e4 Nf6 8. e5 Nd5 9. d4 0-0 10. Nc3 cxd4 11. Ne4 Nc6 12. h4 Qc7 13. Re1 Nxe5 14. Nxe5 Qxe5 15. Ng5 Qd6 16. Qd3 Nf6 17. Bf4 Qd8 18. Be5 h6 19. Bxf6 hxg5 20. Bxg5 Bxg5 21. hxg5 Qxg5 22. Qxd4 Rd8 23. Qc3 Rb8 24. Re5 Qf6 25. Rae1 Bd7 26. Qa3 a6 27. Rh5 Bc6 28. Bxc6 bxc6 29. b3 Rd2 30. Rh2 Qf3 31. Qxa6 Rbd8 32. Qa5 Rd1 0-1

[Event "Titled Tuesday intern op 18th Jun Late"]
[Site "Chess.com INT"]
[Date "2024.06.18"]
[Round "4"]
[White "Gorkavij, Vadim"]
[Black "Kaplan, Avi Harrison"]
[Result "0-1"]
[WhiteElo "2333"]
[BlackElo "2226"]
[PlyCount "60"]
[EventDate "2024.06.18"]
[EventType "swiss (blitz)"]
[EventRounds "11"]
[EventCountry "USA"]
[SourceTitle "EXT 2025"]
[Source "ChessBase"]
[SourceDate "2024.10.14"]
[SourceVersion "1"]
[SourceVersionDate "2024.10.14"]
[SourceQuality "1"]

1. Nf3 c5 2. g3 g6 3. Bg2 Bg7 4. 0-0 Nf6 5. d4 0-0 6. d5 e6 7. Nc3 d6 8. e4 exd5 9. exd5 Re8 10. h3 Nbd7 11. Bf4 Nh5 12. Bxd6 Qb6 13. Bxc5 Nxc5 14. Rb1 Bd7 15. Qd2 Ne4 16. Nxe4 Rxe4 17. c3 Rae8 18. Nd4 R4e5 19. c4 Nf6 20. b4 Ne4 21. Qd3 Nxf2 22. Rxf2 Qxd4 23. Qxd4 Re1+ 24. Rf1 Bxd4+ 25. Kh2 R1e2 26. Rbd1 Bc3 27. a3 Ra2 28. Rd3 Ree2 29. Rxc3 Rxg2+ 30. Kh1 Rh2+ 0-1

[Event "Titled Tuesday intern op 18th Jun Late"]
[Site "Chess.com INT"]
[Date "2024.06.18"]
[Round "6"]
[White "Gorkavij, Vadim"]
[Black "Slovineanu, Viacheslav"]
[Result "0-1"]
[WhiteElo "2333"]
[BlackElo "2412"]
[PlyCount "66"]
[EventDate "2024.06.18"]
[EventType "swiss (blitz)"]
[EventRounds "11"]
[EventCountry "USA"]
[SourceTitle "EXT 2025"]
[Source "ChessBase"]
[SourceDate "2024.10.14"]
[SourceVersion "1"]
[SourceVersionDate "2024.10.14"]
[SourceQuality "1"]

1. Nf3 Nf6 2. g3 d5 3. Bg2 Nbd7 4. d4 e6 5. 0-0 b5 6. c3 c5 7. a4 b4 8. Ne5 cxd4 9. cxd4 Bb7 10. Nd2 Bd6 11. f4 0-0 12. a5 Ba6 13. Re1 Rc8 14. e4 dxe4 15. Nxe4 Nxe4 16. Bxe4 Nf6 17. Bg2 Qc7 18. Be3 Bb7 19. Rc1 Qb8 20. Qe2 Bxg2 21. Qxg2 Qb5 22. Nc6 Rc7 23. Ne5 Qxa5 24. Rxc7 Qxc7 25. Rc1 Qa5 26. Qc6 Qd5 27. Qa6 Bxe5 28. dxe5 Ng4 29. Bxa7 Qd2 30. Rc8 Qxh2+ 31. Kf1 Qh3+ 32. Ke2 Qg2+ 33. Kd1 g6 0-1

[Event "Titled Tuesday intern op 18th Jun Late"]
[Site "Chess.com INT"]
[Date "2024.06.18"]
[Round "7"]
[White "Guevara Sanchez, Erick Marvin"]
[Black "Gorkavij, Vadim"]
[Result "0-1"]
[WhiteElo "2060"]
[BlackElo "2333"]
[PlyCount "80"]
[EventDate "2024.06.18"]
[EventType "swiss (blitz)"]
[EventRounds "11"]
[EventCountry "USA"]
[SourceTitle "EXT 2025"]
[Source "ChessBase"]
[SourceDate "2024.10.14"]
[SourceVersion "1"]
[SourceVersionDate "2024.10.14"]
[SourceQuality "1"]

1. e4 c5 2. Nf3 d6 3. d4 cxd4 4. Nxd4 Nf6 5. Nc3 a6 6. Be2 e5 7. Nb3 Be7 8. Be3 0-0 9. g4 Be6 10. g5 Nfd7 11. h4 Nc6 12. Nd5 Rc8 13. Qd2 a5 14. a4 Bxd5 15. exd5 Nb4 16. c3 Na6 17. h5 Nac5 18. Nxc5 Nxc5 19. Bxc5 Rxc5 20. g6 Bg5 21. gxh7+ Kxh7 22. Qd3+ f5 23. Rg1 e4 24. Qg3 Bh6 25. Qg6+ Kh8 26. Qe6 Rf6 27. Rg6 Rxe6 28. dxe6 Qe7 29. Rd1 d5 30. c4 dxc4 31. Rd7 Qe8 32. Rxb7 Re5 33. Bxc4 Qxa4 34. b3 Qa1+ 35. Ke2 f4 36. Rb8+ Kh7 37. Rh8+ Kxh8 38. Rxh6+ gxh6 39. f3 Qb2+ 40. Kf1 exf3 0-1

[Event "Titled Tuesday intern op 18th Jun Late"]
[Site "Chess.com INT"]
[Date "2024.06.18"]
[Round "2"]
[White "Lou, Yiping"]
[Black "Gorkavij, Vadim"]
[Result "0-1"]
[WhiteElo "2442"]
[BlackElo "2333"]
[PlyCount "80"]
[EventDate "2024.06.18"]
[EventType "swiss (blitz)"]
[EventRounds "11"]
[EventCountry "USA"]
[SourceTitle "EXT 2025"]
[Source "ChessBase"]
[SourceDate "2024.10.14"]
[SourceVersion "1"]
[SourceVersionDate "2024.10.14"]
[SourceQuality "1"]

1. e4 c5 2. Nf3 d6 3. d4 cxd4 4. Nxd4 Nf6 5. Nc3 a6 6. Be3 e5 7. Nb3 Be7 8. f3 0-0 9. Qd2 Be6 10. 0-0-0 Nbd7 11. g4 b5 12. g5 b4 13. gxf6 bxc3 14. Qxc3 Nxf6 15. Na5 Rc8 16. Nc6 Qc7 17. Nxe7+ Qxe7 18. Qa5 Rc6 19. Bd3 d5 20. exd5 Bxd5 21. Be2 Rfc8 22. c3 e4 23. f4 Be6 24. Rhg1 Nd7 25. f5 Bc4 26. Bxc4 Rxc4 27. Bh6 g6 28. fxg6 hxg6 29. Qd5 Ne5 30. Bg5 Rxc3+ 31. bxc3 Qa3+ 32. Kd2 Qxc3+ 33. Ke2 Qf3+ 34. Ke1 Rc2 35. Rd2 Nd3+ 36. Qxd3 exd3 37. Rxc2 dxc2 38. Kd2 Qf2+ 39. Kc1 Qxg1+ 40. Kxc2 Qxg5 0-1

[Event "Titled Tuesday intern op 11th Jun Late"]
[Site "Chess.com INT"]
[Date "2024.06.11"]
[Round "3"]
[White "Gorkavij, Vadim"]
[Black "Exposito Milan, Adrian"]
[Result "1-0"]
[WhiteElo "2333"]
[BlackElo "2276"]
[PlyCount "63"]
[EventDate "2024.06.11"]
[EventType "swiss (blitz)"]
[EventRounds "11"]
[EventCountry "USA"]
[SourceTitle "EXT 2025"]
[Source "ChessBase"]
[SourceDate "2024.10.14"]
[SourceVersion "1"]
[SourceVersionDate "2024.10.14"]
[SourceQuality "1"]

1. Nf3 Nf6 2. g3 g6 3. Bg2 Bg7 4. 0-0 0-0 5. c4 c6 6. Nc3 d5 7. d4 Nbd7 8. cxd5 cxd5 9. Ne5 e6 10. f4 Nxe5 11. fxe5 Nd7 12. e4 Nb6 13. a4 a5 14. exd5 exd5 15. h4 Be6 16. Bg5 f6 17. exf6 Bxf6 18. Qe2 Bxd4+ 19. Kh2 Qd7 20. Nb5 Bg7 21. Rae1 Rxf1 22. Bxf1 Re8 23. Bh3 Kf7 24. Qf2+ Kg8 25. Qxb6 Bxh3 26. Rxe8+ Qxe8 27. Kxh3 Qe2 28. Qd8+ Bf8 29. Qxd5+ Kg7 30. Qxb7+ Kg8 31. Qg2 Qe7 32. Qd5+ 1-0

[Event "Titled Tuesday intern op 11th Jun Late"]
[Site "Chess.com INT"]
[Date "2024.06.11"]
[Round "5"]
[White "Gorkavij, Vadim"]
[Black "Lantini, Marco"]
[Result "1-0"]
[WhiteElo "2333"]
[BlackElo "2005"]
[PlyCount "89"]
[EventDate "2024.06.11"]
[EventType "swiss (blitz)"]
[EventRounds "11"]
[EventCountry "USA"]
[SourceTitle "EXT 2025"]
[Source "ChessBase"]
[SourceDate "2024.10.14"]
[SourceVersion "1"]
[SourceVersionDate "2024.10.14"]
[SourceQuality "1"]

1. Nf3 c5 2. g3 g6 3. Bg2 Bg7 4. 0-0 Nf6 5. d4 cxd4 6. Nxd4 0-0 7. c4 Nc6 8. Nc3 e6 9. Ndb5 d5 10. cxd5 exd5 11. Nxd5 Nxd5 12. Qxd5 Qb6 13. Be3 Be6 14. Bxb6 Bxd5 15. Bc5 Bxg2 16. Kxg2 Rfd8 17. Rad1 Bxb2 18. Rxd8+ Rxd8 19. Nxa7 Nxa7 20. Bxa7 Ra8 21. Rb1 Rxa7 22. Rxb2 Kg7 23. h4 h5 24. Kf3 b5 25. Ke4 Ra4+ 26. Kd5 Rc4 27. e4 Ra4 28. e5 Rc4 29. f4 Rc3 30. Rb3 Rc2 31. a3 Kf8 32. Kd6 Rc4 33. Rxb5 Rc3 34. a4 Rxg3 35. a5 Ra3 36. Kc6 Ra4 37. Kb7 Rxf4 38. a6 Ra4 39. a7 Ke7 40. a8Q Rxa8 41. Kxa8 Ke6 42. Kb7 f6 43. exf6 Kxf6 44. Kc6 g5 45. Rxg5 1-0

[Event "Titled Tuesday intern op 11th Jun Late"]
[Site "Chess.com INT"]
[Date "2024.06.11"]
[Round "4"]
[White "Kushko, Dmitriy"]
[Black "Gorkavij, Vadim"]
[Result "1-0"]
[WhiteElo "2445"]
[BlackElo "2333"]
[PlyCount "99"]
[EventDate "2024.06.11"]
[EventType "swiss (blitz)"]
[EventRounds "11"]
[EventCountry "USA"]
[SourceTitle "EXT 2025"]
[Source "ChessBase"]
[SourceDate "2024.10.14"]
[SourceVersion "1"]
[SourceVersionDate "2024.10.14"]
[SourceQuality "1"]

1. Nh3 d5 2. g3 e5 3. d4 exd4 4. Qxd4 Nc6 5. Qd1 Nf6 6. Bg5 Be7 7. Nf4 0-0 8. Bg2 h6 9. Bxf6 Bxf6 10. Nc3 d4 11. Ncd5 Be5 12. 0-0 Bf5 13. Nd3 Bd6 14. c4 dxc3 15. bxc3 Re8 16. Re1 Ne5 17. Ne3 Bh7 18. Bxb7 Rb8 19. Bg2 Nxd3 20. exd3 Qg5 21. d4 h5 22. Nc4 h4 23. Rxe8+ Rxe8 24. Qc1 Qb5 25. Bf1 Qd5 26. Qd2 Bf5 27. Re1 Rb8 28. Qg5 hxg3 29. hxg3 Be4 30. Qxd5 Bxd5 31. Nxd6 cxd6 32. c4 Be6 33. d5 Bf5 34. Re2 Rb1 35. Kg2 Kh7 36. f3 Bd3 37. Rf2 Bxf1+ 38. Rxf1 Rb2+ 39. Rf2 Rb4 40. Rc2 Kg6 41. Kf2 Kf5 42. Ke3 Rb1 43. Kd4 Rd1+ 44. Kc3 Rf1 45. f4 Rf3+ 46. Kb4 Rxg3 47. Rd2 Kxf4 48. Rf2+ Rf3 49. Rxf3+ Kxf3 50. c5 1-0

[Event "Dvorkovich Memorial op"]
[Site "Taganrog"]
[Date "2014.01.20"]
[Round "3"]
[White "Gorkavij, Vadim"]
[Black "Sukhareva, Evgenia"]
[Result "1-0"]
[WhiteElo "2354"]
[BlackElo "2203"]
[PlyCount "99"]
[EventDate "2014.01.18"]
[EventType "swiss"]
[EventRounds "9"]
[EventCountry "RUS"]
[SourceTitle "CBM 158 Extra"]
[Source "ChessBase"]
[SourceDate "2014.02.28"]
[SourceVersion "1"]
[SourceVersionDate "2014.02.28"]
[SourceQuality "1"]

1. d4 Nf6 2. c4 e6 3. Nf3 c5 4. d5 exd5 5. cxd5 d6 6. Nc3 g6 7. e4 Bg7 8. h3 0-0 9. Bd3 a6 10. a4 b6 11. 0-0 Nbd7 12. Bf4 Ne8 13. Bh2 Qe7 14. Re1 Ne5 15. Bf1 Nxf3+ 16. Qxf3 Be5 17. Qd3 Bxh2+ 18. Kxh2 Qg5 19. g3 Qh6 20. Qe3 Qg7 21. f4 f6 22. Bg2 Ra7 23. a5 b5 24. e5 fxe5 25. fxe5 Qxe5 26. Qxe5 dxe5 27. Ne4 c4 28. Rad1 Bf5 29. Nc5 Bd3 30. Rxe5 Nd6 31. Re6 Rd8 32. Nxd3 cxd3 33. Rxd3 Rc7 34. Rc3 Rxc3 35. bxc3 Kf7 36. Kg1 Rd7 37. Kf2 Rd8 38. h4 Rd7 39. Bh3 Rd8 40. Bg2 Rd7 41. g4 Rd8 42. Kg3 Rd7 43. Kf4 Rd8 44. Bf1 Kf8 45. Ke5 Nf7+ 46. Kd4 Rd6 47. Kc5 Rxe6 48. dxe6 Nd8 49. Kb6 Nxe6 50. Bxb5 1-0

[Event "Dvorkovich Memorial op"]
[Site "Taganrog"]
[Date "2014.01.19"]
[Round "2"]
[White "Onyshchuk, Volodymyr"]
[Black "Gorkavij, Vadim"]
[Result "1-0"]
[WhiteElo "2594"]
[BlackElo "2354"]
[PlyCount "77"]
[EventDate "2014.01.18"]
[EventType "swiss"]
[EventRounds "9"]
[EventCountry "RUS"]
[SourceTitle "CBM 158 Extra"]
[Source "ChessBase"]
[SourceDate "2014.02.28"]
[SourceVersion "1"]
[SourceVersionDate "2014.02.28"]
[SourceQuality "1"]

1. e4 c5 2. Nf3 d6 3. d4 cxd4 4. Nxd4 Nf6 5. Nc3 a6 6. a4 e5 7. Nf3 Be7 8. Bc4 0-0 9. 0-0 Be6 10. Qe2 Nc6 11. Rd1 Bxc4 12. Qxc4 Rc8 13. Qa2 Qc7 14. Bg5 Nb4 15. Qb3 a5 16. Rac1 Rfd8 17. Nb5 Qc4 18. Qxc4 Rxc4 19. Bxf6 gxf6 20. Nh4 Rxe4 21. Nf5 Nc6 22. c4 Rf4 23. Ne3 f5 24. Nd5 Rh4 25. Nxe7+ Nxe7 26. Rxd6 Rc8 27. b3 Nc6 28. g3 Rg4 29. Rcd1 f4 30. Rd7 fxg3 31. hxg3 b6 32. Kf1 Rf8 33. Rb7 e4 34. Rxb6 Ne5 35. Rd5 Nd3 36. Nd6 Rg6 37. c5 Nb4 38. Rxb4 axb4 39. c6 1-0

[Event "Belorechensk Sarkisov Memorial op"]
[Site "Belorechensk"]
[Date "2012.05.27"]
[Round "5"]
[White "Gorkavij, Vadim"]
[Black "Baraeva, Marina"]
[Result "1/2-1/2"]
[WhiteElo "2378"]
[BlackElo "2187"]
[PlyCount "69"]
[EventDate "2012.05.23"]
[EventType "swiss"]
[EventRounds "9"]
[EventCountry "RUS"]
[SourceTitle "CBM 148 Extra"]
[Source "ChessBase"]
[SourceDate "2012.06.22"]
[SourceVersion "1"]
[SourceVersionDate "2012.06.22"]
[SourceQuality "1"]

1. c4 e5 2. g3 Nf6 3. Bg2 d5 4. cxd5 Nxd5 5. Nc3 Nb6 6. Nf3 Nc6 7. 0-0 Be7 8. a3 Be6 9. d3 0-0 10. b4 Nd4 11. Rb1 Nxf3+ 12. Bxf3 c6 13. Bb2 f6 14. Ne4 Bd5 15. Bc3 Qd7 16. Qc2 Rfd8 17. Rfd1 Qe8 18. a4 Nd7 19. Nd2 Rac8 20. d4 exd4 21. Bxd4 Bxf3 22. Nxf3 b6 23. Be3 c5 24. b5 Ne5 25. Nxe5 fxe5 26. Qe4 Bf6 27. f3 Rd7 28. Kg2 Rcd8 29. Rxd7 Qxd7 30. a5 Qd5 31. a6 Qxe4 32. fxe4 Kf7 33. h4 Ke6 34. Kh3 Be7 35. Rc1 1/2-1/2

[Event "Belorechensk Sarkisov Memorial op"]
[Site "Belorechensk"]
[Date "2012.05.26"]
[Round "4"]
[White "Burmakin, Vladimir"]
[Black "Gorkavij, Vadim"]
[Result "1-0"]
[WhiteElo "2593"]
[BlackElo "2378"]
[PlyCount "47"]
[EventDate "2012.05.23"]
[EventType "swiss"]
[EventRounds "9"]
[EventCountry "RUS"]
[SourceTitle "CBM 148 Extra"]
[Source "ChessBase"]
[SourceDate "2012.06.22"]
[SourceVersion "1"]
[SourceVersionDate "2012.06.22"]
[SourceQuality "1"]

1. Nf3 d5 2. c4 c6 3. d4 Nf6 4. Qb3 dxc4 5. Qxc4 Bf5 6. g3 e6 7. Bg2 Be7 8. 0-0 Nbd7 9. Nc3 0-0 10. Re1 Ne4 11. Qb3 Qb6 12. Nh4 Qxb3 13. axb3 Bxh4 14. gxh4 Nef6 15. e4 Bg6 16. Bf4 Rfe8 17. Bd6 e5 18. dxe5 Nxe5 19. f4 Nd3 20. Re3 Nxb2 21. Ba3 Nd5 22. Nxd5 cxd5 23. Bxb2 dxe4 24. h5 1-0

[Event "Belorechensk Sarkisov Memorial op"]
[Site "Belorechensk"]
[Date "2012.05.24"]
[Round "2"]
[White "Zakarian, David"]
[Black "Gorkavij, Vadim"]
[Result "1/2-1/2"]
[WhiteElo "2379"]
[BlackElo "2378"]
[PlyCount "97"]
[EventDate "2012.05.23"]
[EventType "swiss"]
[EventRounds "9"]
[EventCountry "RUS"]
[SourceTitle "CBM 148 Extra"]
[Source "ChessBase"]
[SourceDate "2012.06.22"]
[SourceVersion "1"]
[SourceVersionDate "2012.06.22"]
[SourceQuality "1"]

1. e4 g6 2. d4 Bg7 3. Nc3 c6 4. Be3 d6 5. Qd2 b5 6. h4 Bb7 7. f3 Nd7 8. Nh3 b4 9. Nd1 a5 10. Bc4 d5 11. exd5 Nb6 12. Qd3 Nxc4 13. Qxc4 Qxd5 14. Qxd5 cxd5 15. a3 Nf6 16. axb4 axb4 17. Rxa8+ Bxa8 18. Ndf2 Nd7 19. Nd3 e5 20. dxe5 Nxe5 21. Nhf4 Nc4 22. Bc5 Nxb2 23. Nxb2 Bxb2 24. Bxb4 Kd7 25. Kd2 Bf6 26. Ne2 Re8 27. h5 g5 28. Rb1 Bb7 29. Bc3 Ba6 30. Ng3 Bd8 31. Ra1 Re6 32. Bd4 Bc7 33. Nf5 Bf4+ 34. Ne3 Bc4 35. Ra7+ Kc6 36. g3 Bxg3 37. Rxf7 Rh6 38. Nxc4 dxc4 39. Kc3 Rxh5 40. Kxc4 Rh4 41. Rf6+ Kd7 42. Kd5 Rf4 43. Rd6+ Ke7 44. Re6+ Kd7 45. Re3 Rxd4+ 46. Kxd4 Bf2 47. Ke4 Bxe3 48. Kxe3 h5 49. f4 1/2-1/2

[Event "Belorechensk Sarkisov Memorial op"]
[Site "Belorechensk"]
[Date "2012.05.23"]
[Round "1"]
[White "Gorkavij, Vadim"]
[Black "Airapetian, Valentin"]
[Result "1-0"]
[WhiteElo "2378"]
[BlackElo "1851"]
[PlyCount "69"]
[EventDate "2012.05.23"]
[EventType "swiss"]
[EventRounds "9"]
[EventCountry "RUS"]
[SourceTitle "CBM 148 Extra"]
[Source "ChessBase"]
[SourceDate "2012.06.22"]
[SourceVersion "1"]
[SourceVersionDate "2012.06.22"]
[SourceQuality "1"]

1. e4 c5 2. Nf3 Nf6 3. Nc3 d6 4. d4 cxd4 5. Nxd4 a6 6. Be2 b5 7. a4 b4 8. Nd5 Nxd5 9. exd5 Bb7 10. Bf3 g6 11. Nc6 Qc7 12. Qd4 f6 13. Nxb4 a5 14. Nd3 Ba6 15. Ra3 Bxd3 16. Rxd3 Nd7 17. Bg4 Nc5 18. Rh3 Rb8 19. Bd2 h5 20. Be2 Bg7 21. f4 h4 22. Bc3 Kf7 23. 0-0 Qd7 24. Bb5 Qf5 25. Qd1 Ra8 26. Re3 h3 27. Qe2 Bf8 28. g4 Qc8 29. f5 g5 30. Rff3 Nd7 31. Bc6 Rb8 32. Rxh3 Rxh3 33. Rxh3 Ne5 34. b3 Qc7 35. Qe4 1-0

[Event "South FR-ch"]
[Site "Armavir"]
[Date "2012.03.??"]
[Round "3"]
[White "Gorkavij, Vadim"]
[Black "Panarin, Mikhail"]
[Result "1/2-1/2"]
[WhiteElo "2359"]
[BlackElo "2523"]
[PlyCount "80"]
[EventDate "2012.03.11"]
[EventType "swiss"]
[EventRounds "9"]
[EventCountry "RUS"]
[SourceTitle "EXT 2023"]
[Source "ChessBase"]
[SourceDate "2022.10.05"]
[SourceVersion "1"]
[SourceVersionDate "2022.10.05"]
[SourceQuality "1"]

1. c4 Nf6 2. Nc3 d5 3. cxd5 Nxd5 4. Nf3 g6 5. e4 Nxc3 6. dxc3 Qxd1+ 7. Kxd1 f6 8. Kc2 e5 9. Be3 Be6 10. Nd2 Nd7 11. Bc4 Bxc4 12. Nxc4 0-0-0 13. Rhd1 Be7 14. f3 Nb6 15. Nxb6+ axb6 16. a4 Rd6 17. Rxd6 Bxd6 18. b4 Kd7 19. Kb3 Ra8 20. Ra2 h5 21. h3 Ke6 22. a5 bxa5 23. Rxa5 Rxa5 24. bxa5 c6 25. Bb6 Kd7 26. Ka4 Kc8 27. Bf2 Bc7 28. Bh4 Bd8 29. g4 hxg4 30. hxg4 g5 31. Bf2 Kd7 32. Be3 Bc7 33. Bf2 Bd8 34. Be3 Bc7 35. Bf2 Kd6 36. Kb4 Kd7 37. Ka4 Ke6 38. Bc5 Kd7 39. Be3 Kd6 40. Kb4 Kd7 1/2-1/2

[Event "South FR-ch"]
[Site "Armavir"]
[Date "2012.03.??"]
[Round "9"]
[White "Gorkavij, Vadim"]
[Black "Vastrukhin, Oleg"]
[Result "1-0"]
[WhiteElo "2359"]
[BlackElo "2343"]
[PlyCount "97"]
[EventDate "2012.03.11"]
[EventType "swiss"]
[EventRounds "9"]
[EventCountry "RUS"]
[SourceTitle "EXT 2023"]
[Source "ChessBase"]
[SourceDate "2022.10.05"]
[SourceVersion "1"]
[SourceVersionDate "2022.10.05"]
[SourceQuality "1"]

1. e4 g6 2. d4 Bg7 3. Nc3 c6 4. Nf3 d5 5. h3 dxe4 6. Nxe4 Nf6 7. Nxf6+ exf6 8. Bd3 0-0 9. 0-0 Be6 10. c3 Nd7 11. Bf4 b5 12. a4 a6 13. a5 Re8 14. b4 f5 15. Re1 Nf6 16. Qd2 Ra7 17. Bg5 Rae7 18. Ne5 Bd5 19. c4 bxc4 20. Nxc4 h6 21. Rxe7 Qxe7 22. Bxh6 Bxh6 23. Qxh6 Qxb4 24. Qd2 Qe7 25. Nb6 Ne4 26. Qb2 f4 27. Nxd5 cxd5 28. Bxa6 f3 29. Bf1 Qg5 30. Qb5 Rd8 31. Qd3 fxg2 32. Bxg2 Qf6 33. Qe3 Rd6 34. f3 Ng5 35. Qe5 Qd8 36. a6 f6 37. Qe3 Re6 38. Qd2 Qa8 39. a7 Kg7 40. Qb4 Re8 41. Qb6 Ne6 42. f4 Kh6 43. Qd6 Nxd4 44. Qxd5 Ne2+ 45. Kh1 Qc8 46. a8Q Qc3 47. Qa3 Ng3+ 48. Kh2 Nf1+ 49. Bxf1 1-0

[Event "Krasnodar Region-ch"]
[Site "Krasnodar"]
[Date "2011.10.21"]
[Round "8"]
[White "Lugovskoy, Maxim"]
[Black "Gorkavij, Vadim"]
[Result "1/2-1/2"]
[WhiteElo "2299"]
[BlackElo "2371"]
[PlyCount "101"]
[EventDate "2011.10.14"]
[EventType "swiss"]
[EventRounds "9"]
[EventCountry "RUS"]
[SourceTitle "EXT 2022"]
[Source "ChessBase"]
[SourceDate "2021.10.06"]
[SourceVersion "1"]
[SourceVersionDate "2021.10.06"]
[SourceQuality "1"]

1. e4 c5 2. Nf3 d6 3. c3 Nf6 4. Be2 g6 5. 0-0 Bg7 6. Bb5+ Nbd7 7. Re1 a6 8. Bf1 0-0 9. d4 cxd4 10. cxd4 b5 11. a4 bxa4 12. Rxa4 Nb6 13. Ra1 Bb7 14. Nc3 Qc7 15. Bd3 Rfb8 16. Qe2 a5 17. Bd2 Qd8 18. b3 Nfd7 19. Ra3 e5 20. Nb5 a4 21. bxa4 Bf8 22. a5 d5 23. Raa1 dxe4 24. Bxe4 Bxe4 25. Qxe4 Nc4 26. Bg5 Qc8 27. Nc3 Rxa5 28. dxe5 Rxa1 29. Rxa1 Ncxe5 30. Nd5 Nxf3+ 31. Qxf3 Qc2 32. h3 Rb1+ 33. Rxb1 Qxb1+ 34. Kh2 Qb8+ 35. g3 Qd6 36. h4 h6 37. Bf4 Qe6 38. Qd3 Ne5 39. Qd1 Bg7 40. Qb3 Ng4+ 41. Kg2 Qe4+ 42. Qf3 Qxf3+ 43. Kxf3 h5 44. Ke2 Nf6 45. Ne3 Nd7 46. Nc4 f5 47. Be3 Kf7 48. Nd2 Ne5 49. Nb3 Ng4 50. Bc5 Ke6 51. Nd2 1/2-1/2

[Event "Krasnodar Region-ch"]
[Site "Krasnodar"]
[Date "2011.10.15"]
[Round "2"]
[White "Tyunin, Vladislav"]
[Black "Gorkavij, Vadim"]
[Result "0-1"]
[WhiteElo "2138"]
[BlackElo "2371"]
[PlyCount "94"]
[EventDate "2011.10.14"]
[EventType "swiss"]
[EventRounds "9"]
[EventCountry "RUS"]
[SourceTitle "EXT 2022"]
[Source "ChessBase"]
[SourceDate "2021.10.06"]
[SourceVersion "1"]
[SourceVersionDate "2021.10.06"]
[SourceQuality "1"]

1. e4 c5 2. Nf3 d6 3. d4 cxd4 4. Nxd4 Nf6 5. Nc3 a6 6. a4 e5 7. Nf3 Qc7 8. Bg5 Nbd7 9. Nd2 b6 10. Bc4 Bb7 11. f3 Be7 12. Qe2 h6 13. Be3 Nc5 14. Qf2 Rd8 15. 0-0 0-0 16. b4 Ncd7 17. Rab1 Rc8 18. Rb3 Bd8 19. g4 Qb8 20. Qe2 Qa8 21. Qd3 Be7 22. h4 d5 23. Nxd5 Nxd5 24. Bxd5 Bxd5 25. exd5 Bxh4 26. c4 Qb8 27. Ne4 f5 28. gxf5 Rxf5 29. c5 Rcf8 30. Bc1 Qe8 31. Rb2 Qh5 32. Rg2 Rxf3 33. Rxf3 Rxf3 34. Qe2 Nf6 35. Nxf6+ Bxf6 36. cxb6 e4 37. Be3 Qxd5 38. Rf2 Rxe3 39. Qxe3 Bd4 40. Qg3 Kh7 41. Kf1 e3 42. Re2 Qh1+ 43. Qg1 Qf3+ 44. Ke1 Bxb6 45. Qg2 Qf4 46. Rb2 Bd4 47. Rc2 Bf6 0-1

[Event "Yuzhny FO-ch op"]
[Site "Armavir"]
[Date "2011.03.15"]
[Round "4"]
[White "Gorkavij, Vadim"]
[Black "Lugovskoy, Maxim"]
[Result "0-1"]
[WhiteElo "2370"]
[BlackElo "2159"]
[PlyCount "90"]
[EventDate "2011.03.12"]
[EventType "swiss"]
[EventRounds "9"]
[EventCountry "RUS"]
[SourceTitle "CBM 141 Extra"]
[Source "ChessBase"]
[SourceDate "2011.05.03"]
[SourceVersion "1"]
[SourceVersionDate "2011.05.03"]
[SourceQuality "1"]

1. e4 e6 2. d4 d5 3. Nd2 Nf6 4. e5 Nfd7 5. Bd3 c5 6. c3 Nc6 7. Ne2 cxd4 8. cxd4 f6 9. exf6 Qxf6 10. Nf3 h6 11. 0-0 Bd6 12. Ng3 0-0 13. Bc2 Rd8 14. Re1 Nf8 15. Ne5 Qh4 16. f4 Bd7 17. Be3 Be8 18. Rf1 Rac8 19. Rc1 Rc7 20. Bb1 Rdc8 21. Nxc6 bxc6 22. f5 e5 23. dxe5 Bxe5 24. Qd2 Qf6 25. b4 Bf7 26. Qf2 Re7 27. Bc5 Rec7 28. Kh1 Nd7 29. Be3 Re8 30. Ne2 Nb6 31. Bd3 Nc4 32. Bxc4 dxc4 33. Bc5 Rd7 34. Ng3 Qh4 35. Rfe1 Rd3 36. Nf1 Qxf2 37. Bxf2 c3 38. Bxa7 Bf4 39. Rxe8+ Bxe8 40. Re1 Bf7 41. Ne3 Bxe3 42. Bxe3 c2 43. Kg1 Rxe3 44. Rc1 Re2 45. Kf1 Bc4 0-1